| 000 | 00746cab a2200229 4500 | ||
|---|---|---|---|
| 001 | WB2716-19 | ||
| 008 | 090401t1991 xxu||||| |||| 00| 0 eng d | ||
| 035 | _a(Sirsi) u60733 | ||
| 041 | _aeng | ||
| 245 | _aGovernment policy on renewable energy | ||
| 260 | _c1991 | ||
| 350 | _a0 | ||
| 490 |
_aDoE News Release _v205, 28 March 1991, 2 pages |
||
| 520 | _aThe Planning Minister, Sir George Young, has called on local planning authorities to remember renewable energy sources when preparing development plans . | ||
| 650 | _aALTERNATIVE SOURCES | ||
| 650 | _aGOVERNMENT POLICY | ||
| 650 | _aPLANNING PERMISSION | ||
| 650 | _aPOWER STATIONS | ||
| 690 | _aENVIRONMENTAL AND LAND CONSULTANCY-ENERGY | ||
| 942 | _n0 | ||
| 948 | _c04/03/1997 | ||
| 999 |
_c37526 _d37526 |
||